<A> Multiregional planning and forecastic model with special regard to the public sector
Guardado en:
| Autor principal: | |
|---|---|
| Otros Autores: | |
| Formato: | Libro |
| Lenguaje: | inglés |
| Publicado: |
Laxenburg
International Institute for Applied Systems Analysis
1981
|
| Etiquetas: |
Sin Etiquetas, Sea el primero en etiquetar este registro!
|
MARC
| LEADER | 00000nam a2200000 4500 | ||
|---|---|---|---|
| 001 | c138350 | ||
| 005 | 20190207163946.4 | ||
| 041 | 0 | |a eng | |
| 044 | |a AT | ||
| 245 | 1 | 0 | |a <A> Multiregional planning and forecastic model with special regard to the public sector |c F. Snickars, A. Granholm |
| 264 | 1 | |a Laxenburg |b International Institute for Applied Systems Analysis |c 1981 | |
| 300 | |a S. 378-404 | ||
| 500 | |a Separát z: Regional science and urban economics, vol. 11/1981/ | ||
| 100 | 1 | |a Snickars, F. | |
| 700 | 1 | |a Granholm, A. | |